| 000 | 00773nam a2200265Ia 4500 | ||
|---|---|---|---|
| 003 | OSt | ||
| 005 | 20221005083743.0 | ||
| 006 | a|||||r|||| 00| 0 | ||
| 007 | ta | ||
| 008 | 221004b |||||||| |||| 00| 0 eng d | ||
| 020 |
_a9788130930893 (pbk) _cINR 995.00 |
||
| 024 | _a28931 | ||
| 037 |
_b3034, 10/03/2017, The Book Seller _cTextual |
||
| 040 |
_aCRL _cCRL _beng |
||
| 041 |
_2eng _aeng |
||
| 082 | _aX:87, Q5 | ||
| 100 | _aBiech Elaine Ed. | ||
| 245 | 0 | _aASTD leadership handbook edited by Elaine Biech | |
| 260 |
_aNew Delhi _bViva India _c2016 |
||
| 300 |
_axii,488p. _ccm. |
||
| 650 | _a LEADERSHIP | ||
| 650 | _aECONOMICS | ||
| 942 |
_hX:87, Q5 _cTEXL _2cc |
||
| 999 |
_c991486 _d991486 |
||